000 00601nam a2200193Ia 4500
008 140626s9999 xx 000 0 und d
100 _aLambino, Antonio II.
245 4 _aThe war extension rhetoric :
_b an analogic criticism of US presidential rhetoric during the Iraq and Philippine-American wars /
_c Antonio II.Lambino
260 _cc2011.
300 _a8 : 1, page 21
440 _aPlaridel
521 _aMC
650 _aAnalogic criticism.
650 _aIraq war.
650 _aPhilippine-American war.
650 _aPresidential rhetoric.
650 _aWar rhetoric.
942 _cSE
999 _c121239
_d121239